| 000 | 00429nam a2200145Ia 4500 | ||
|---|---|---|---|
| 005 | 20251222152703.0 | ||
| 008 | 251222s9999||||xx |||||||||||||| ||spa|| | ||
| 020 | _a9789972235238 | ||
| 082 | _a370.110.985/V35 | ||
| 100 | _aVásquez Huamán, Enrique | ||
| 245 | 0 | _aNiñez Indígena y Educación Intercultural Bilingüe en el Perú | |
| 250 | _a1ra.ed. | ||
| 264 | _bTarea asociación de Publicaciones Educativas | ||
| 942 | _cLIB | ||
| 999 |
_c28914 _d28914 |
||